Responses for Show #8931 - Monday, September 18, 2023

2023 Second Chance competition week 2, semifinal game 1.

Contestants

[<< previous game]

Matt Walks, a digital journalist originally from Billings, Montana

Deanna Bolio, a community outreach supervisor from Campbell, California

Elliott Goodman, a history and Latin teacher from Culver City, California

[next game >>]

Jeopardy! Round responses

AMERICAN HISTORY
BOOK TITLES IN OTHER WORDS
RESTAURANT HIJINKS
IT BELONGS IN THIS MUSEUM
TALK LIKE A PIRATE
(Ken: Talk Like a Pirate Day "be tamarra, ye lubbers".)
ENEMIES--NOT A LOVE STORY
    $200 27
the Declaration of Independence

Matt
    $200 26
The Cat in the Hat

Deanna
    $200 22
Burger King

Elliott
    $200 30
(Elliott: What is the Smithsonian?)

the National Gallery of Art

Elliott
Triple Stumper
    $200 29
Pirates of the Caribbean

Deanna
    $200 28
a foe

Elliott
    $400 15
(Elliott: What is NASA?)

the Kennedy Space Center

ElliottMatt
    $400 7
David Copperfield

Elliott
    $400 20
(Ken: Yes, do not try that at home.)
[Laughter]

911

Matt
    $400 23
the Hermitage

Elliott
    $400 24
The Princess Bride

Matt
    $400 25
a villain

Deanna
    $600 21
1920

Deanna
    $600 8
One Hundred Years of Solitude

Deanna
    $600 19
seagulls

Deanna
    $3,000 18
(Matt: Um...)
(Ken: Anything?)
(Matt: No, I don't know.)
(Ken: Those are Dutch paintings, so this is [*] in Amsterdam.)

the Rijksmuseum

Matt
    $600 17
[Matt did not include the leading article in his response.]

The Pirates of Penzance

Matt
    $600 16
rival

Matt
    $800 6
St. Augustine

Deanna
    $800 5
Breakfast of Champions

Elliott
    $800 4
Chili's

Matt
    $800 3
(Matt: What is the Chicago Museum of Art?)

the Art Institute of Chicago

ElliottMatt
    $800 1
(Elliott: [Imitating a pirate] Arr! I'll have TALK LIKE A PIRATE $800, please.)
[Laughter]

Hook

Matt
    $800 2
a fifth column

Triple Stumper
    $1000 14
(Deanna: Who is Chief Joseph?)
[Ruled correct; reversed after the break]

Crazy Horse

Deanna
Triple Stumper
    $1000 9
The Bridges of Madison County

Matt
    $1000 13
Saved by the Bell

Elliott
    $1000 11
the Getty

Matt
    $1000 12
(Elliott: Who is Blueblood?)

Captain Blood

Elliott
Triple Stumper
    $1000 10
a saboteur

Elliott

Scores at the first commercial break (after clue 15):

Elliott Deanna Matt
$2,600 $400 $3,200

Scores at the end of the Jeopardy! Round:

Elliott Deanna Matt
$3,200 $2,400 $2,400

Double Jeopardy! Round responses

LATIN AMERICA
21st CENTURY NEWS
SCIENCE
ACTIVISTS
1990s HITMAKERS
WORD"LE"
(Ken: Each correct response will end with those letters "L-E".)
    $400 26
the Galápagos

Matt
    $400 19
the Concorde

Matt
    $400 24
clouds

Elliott
    $400 21
(Beatrix) Potter

Matt
    $400 7
Billy Ray Cyrus

Deanna
    $400 27
(Matt: What is the Bug?)

the Beetle

ElliottMatt
    $800 30
Havana

Elliott
    $800 5
Greece

Deanna
    $800 29
the accelerator

Elliott
    $800 23
Elizabeth Cady Stanton

Deanna
    $800 1
[Deanna selected the first clue.]

Nirvana

Elliott
    $800 10
clavicle

Matt
    $1200 17
Maracaibo

Deanna
    $1200 6
Wuhan

Matt
    $1200 28
radio

Elliott
    $3,000 22
Standard Oil

Matt
    $1200 2
wonderwall

Deanna
    $1200 14
a wormhole

Elliott
    $1600 18
Tegucigalpa

Deanna
    $1600 8
bin Laden

Matt
    $1600 25
a half-life

Deanna
    $1600 12
Chomsky

Matt
    $1600 3
Boyz II Men

Matt
    $1600 20
the myrtle

Deanna
    $2000 16
Paraguay

Deanna
    $2000 9
Sunak

Deanna
    $2000 15
Heisenberg

Elliott
    $2000 13
(Matt: Who is Carrie, uh, who is Carrie Hatchet?)
(Elliott: Who is Dorothy Parker?)

Carrie Nation

ElliottDeannaMatt
    $2000 4
the Spice Girls

Deanna
    $3,000 11
(Matt: What is...)

venerable

Matt

Scores at the end of the Double Jeopardy! Round:

Elliott Deanna Matt
$8,800 $19,600 $8,000
(lock game)

[wagering suggestions for these scores]

Final Jeopardy! Round responses

AUTHORS
(Ken: [To Matt] Dedicated The Sun Also Rises and For Whom the Bell Tolls, respective to half of his many, many wives.)
...
(Ken: But Deanna Bolio had a big lead--very "hell of a game" as Alex Trebek might have said.)
[Deanna chuckles.]
MattWho is Hemingway?
$7,999
ElliottWho C.S Tolkien
$8,800
DeannaWho is Mark Twain
$926
Ernest (Papa) Hemingway

Final scores:

Elliott Deanna Matt
$0 $18,674 $15,999
3rd place: $2,000 Finalist 2nd place: $3,000

Game dynamics:

Coryat scores:

Elliott Deanna Matt
$8,800 $19,600 $12,200
16 R,
4 W
19 R,
1 W
19 R
(including 1 DD),
5 W
(including 2 DDs)

Combined Coryat: $40,600

[game clues] [game scores] [suggest correction]

Game tape date: 2023-08-17
The J! Archive is created by fans, for fans. Scraping, republication, monetization, and malicious use prohibited; this site may use cookies and collect identifying information. See terms. The Jeopardy! game show and all elements thereof, including but not limited to copyright and trademark thereto, are the property of Jeopardy Productions, Inc. and are protected under law. This website is not affiliated with, sponsored by, or operated by Jeopardy Productions, Inc. Join the discussion at JBoard.tv.